Molluscs

Bibliographic Details
Main Author: Richardson, Joy
Format: Book
Published: London : Watts Book , 1993
Series:Lift Off
Subjects:

MARC

LEADER 00000cam a2200000 7i4500
001 0000002766
002 000002996
005 20060207.0
020 |a 0749611987 
090 0 0 |a 508   |b RIC 
100 1 |a Richardson, Joy 
245 1 0 |a Molluscs   |c Joy Richardson 
260 |a London :   |b Watts Book ,   |c 1993 
300 |a 29p. :   |b ill ;   |c 22cm. 
490 0 |a Lift Off 
650 0 0 |a Molluscs   |x Juvenile literature 
999 |a 036366   |b BUKU   |c JUNIOR BOOKS   |e PERPUSTAKAAN KOMUNITI PETALING JAYA